Pragmática del lenguaje y filosofía analítica

में बचाया:
ग्रंथसूची विवरण
मुख्य लेखक: Camps, Victoria (लेखक)
स्वरूप: पुस्तक
भाषा:स्पेनिश
प्रकाशित: Barcelona Península 1976
श्रृंखला:Serie Universitaria: Historia, Ciencia, Sociedad, 129
विषय:
टैग: टैग जोड़ें
कोई टैग नहीं, इस रिकॉर्ड को टैग करने वाले पहले व्यक्ति बनें!

MARC

LEADER 00000nam a2200000 a 4500
001 UCZ9945
003 CL-VaPUC
008 960314e19760000SP |||||||||||||||||spa|d
082 0 4 |a 401  |b CAM  |2 21 
100 0 |a Camps, Victoria  |e author  |9 354976 
245 1 0 |a Pragmática del lenguaje y filosofía analítica 
300 |a 279 p 
942 |c BK 
945 |d 19960314 00:00:00  |a rleighto 
260 |a Barcelona  |b Península  |c 1976 
650 0 |a Filosofía del lenguaje  |9 257082 
650 0 |a Pragmatismo  |9 316729 
650 0 |a Ética  |9 255099 
650 0 |a Aspectos religiosos  |9 257320 
583 |a last modification  |c 19960314 00:00:00  |k Rodrigo Vera 
490 0 |a Serie Universitaria: Historia, Ciencia, Sociedad, 129 
999 |c 244985  |d 244983 
952 |0 0  |1 0  |4 0  |6 401_000000000000000_CAM_1976  |7 0  |8 A  |9 259306  |a FDOPOS  |b BIBEDU  |d 2019-11-19  |i 3183076  |l 1  |o 401 CAM 1976  |p 3183076  |r 2025-01-22  |s 2024-04-17  |w 2019-11-19  |y BK  |k MLA